000
00320nam a22001337a 4500
003
SGT
020
_a
97815-4334469-1
082
_a
615.19
_b
MAN
100
_a
MANEKAR, DR. HNEHAL
245
_a
QUALITY CONTROL AND STANDARDIZATION OF HERBALS
260
_a
INDIA
_b
PEE VEE. PUB.
_c
2021
300
_a
173
942
_2
ddc
_c
BK
999
_c
32442
_d
32442